Statistics for Random Cities on the Map by Letter - N

Click here to take the quiz!

General Stats

  • This quiz has been taken 584 times
  • The average score is 4 of 5

Answers on the Map

Answers color-coded by a green-red scale on the quiz's map according to % correct below.
 

Answer Stats

City% Correct
New York City
98%
Naples
97%
Nairobi
96%
Nassau
93%
New Orleans
87%
Nashville
86%
Newcastle
85%
Nuremberg
81%
N'Djamena
80%
Nagoya
77%
Niamey
73%
Nottingham
71%
Nur-Sultan
69%
Nouakchott
58%
Nizhny Novgorod
52%
Ngerulmud
36%
Nanning
32%

Score Distribution

Percentile by Number Answered

Percent of People with Each Score

Your Score History

You have not taken this quiz